Portuguex (Registo nº 201585)

Detalhes MARC
000 -Etiqueta do registo
Valores 00753nam 22002173 4500
100 ## - Dados gerais de processamento
Dados gerais 20260311d u||y0pory50 ba
200 ## - Titulo e menção de responsabilidade
Título próprio Portuguex
Primeira menção de responsabilidade Armando da Silva Carvalho
Outras menções de responsabilidade prefácio de Maria Estela Guedes
205 ## - Menção da edição
Edição
210 ## - Publicação
Local de publicação Lisboa
Nome do editor Moraes
Data de publicação imp.1981
215 ## - Descrição física 
Paginação / Volumes 245, [2] p.
Outras indicações físicas brochado
Dimensões 20 cm
225 ## - Colecção 
Título próprio da colecção Círculo de prosa
300 ## - Notas gerais 
Texto da nota contém dedicatória na folha de guarda e mais umas notas do Prof. Dr. Almeida Faria em algumas páginas do livro
606 ## - Nome comum usado como assunto
ID Autoridade 6
Palavra de ordem Literatura Portuguesa
675 ## - CDU
Notação 821.134.3-3
Edição PT
Língua por
700 ## - Autor principal (pessoa individual)
ID Autoridade 8627
Apelido Carvalho
Nome Armando Silva
Datas 1938-2017
702 ## - Autor secundário (pessoa individual)
ID Autoridade 11831
Apelido Guedes
Nome Maria Estela
801 ## - Fonte de origem
País PT
Agência BMMN
Regras de catalogação RPC
830 ## - Notas gerais do catalogador
Criado por Ana Falardo
Indexado por Ana Falardo
990 ## - Elementos KOHA
Tipo de documento Livro
Exemplares
Situação do levantamento Biblioteca de origem Código de barras Cota Permissão de empréstimo Tipo de documento Nota relativa ao exemplar Forma de aquisição
  Biblioteca Municipal de Montemor-o-Novo 30932 821.134.3-3 CAR|SAF   Livro Acesso Condicionado Oferta

Powered by Koha